LEADER 00762nam a2200169 i 4500 001 000000246249 003 CaOOAMICUS 005 20151030000000.0 008 151030s1845 it u000 u ita u 013 $a225154 040 $aSeMil$bita 245 10$aLib. 2. 300 $a226 p. 773 0 $aBernardo : da Castelvetere $tDirettorio ascetico-mistico pei confessori di terre e villaggi, ovvero Istruzione pratica al direttore per introdurre un'anima nel cammino di perfezione ... divisa in due libri.$bEdizione migliorata.$dBrescia : Tip. vescovile del Pio Istituto in S. Barnaba, 1845.$g2$w()32754 850 $aSeMil 852 $aSeMil$W1$xVenegono$y1$m3G II 47 FA$j196595$B196595$CSeMilBibl$Z2$F207393 $8I 996 $6245$aLib. 2$9(OLS)http://semarc/title/347983 LEADER 00891nam a2200217 i 4500 001 000000213215 003 CaOOAMICUS 005 20230928145104.0 008 120516s1811 it u000 u ita u 026 $asoco lile r-do moan (3) 1811 (R) 040 $aSeMil$bita 100 0 $aPlutarchus ,$d<46-120>.$0(OLS)http://semarc/name/1118 245 10$aTomo 6. 300 $a442, [2] p. 773 0 $aPlutarchus <46-120>$tVite degli uomini illustri di Plutarco volgarizzate da Girolamo Pompei veronese con varie note del commento di Dacier. Tomo 1. [-7.].$dLivorno : Nella stamperia di Tommaso Masi e C. : a spese di Giuseppe Gamba, 1811.$g6$w()26757 850 $aSeMil 852 $aSeMil$W1$xVenegono$y1$m1Y II 68 FA$j163645$B163645$CSeMilBibl$Z2$F174720 $8I 900 0 $aPlutarco. 996 $6245$aTomo 6$9(OLS)http://semarc/title/194410